Online katalóg knižníc regiónu Turca

Pošta na juh / (Record no. 22396)

MARC details
000 -LEADER
fixed length control field 00747nam a22002651a 4500
001 - CONTROL NUMBER
control field 22396
003 - CONTROL NUMBER IDENTIFIER
control field CZ PrNK
005 - DATE AND TIME OF LATEST TRANSACTION
control field 20260327145744.0
007 - PHYSICAL DESCRIPTION FIXED FIELD--GENERAL INFORMATION
fixed length control field ta
008 - FIXED-LENGTH DATA ELEMENTS--GENERAL INFORMATION
fixed length control field 041115s1966 xo 000 | slo
020 ## - INTERNATIONAL STANDARD BOOK NUMBER
Qualifying information (Váz.)
040 ## - CATALOGING SOURCE
Original cataloging agency ABA001
Language of cataloging cze
Transcribing agency ABA001
Modifying agency ABA001
041 1# - LANGUAGE CODE
Language code of text/sound track or separate title slo
Language code of original fre
100 1# - MAIN ENTRY--PERSONAL NAME
Personal name Saint-Exupéry, Antoine de,
Dates associated with a name 1900-1944
Relationship aut
240 10 - UNIFORM TITLE
Uniform title Courrier sud.
Language of a work Slovensky
245 10 - TITLE STATEMENT
Title Pošta na juh /
Statement of responsibility, etc. Antoine de Saint-Exupéry ; [z francouzského originálu Courrier sud preložil Ivan Dudík]
250 ## - EDITION STATEMENT
Edition statement 1. vyd.
260 ## - PUBLICATION, DISTRIBUTION, ETC.
Place of publication, distribution, etc. Bratislava :
Name of publisher, distributor, etc. Tatran,
Date of publication, distribution, etc. 1966
300 ## - PHYSICAL DESCRIPTION
Extent 142 s. ;
Dimensions 20 cm
490 1# - SERIES STATEMENT
Series statement Luk ;
Volume/sequential designation 13. zv.
700 1# - ADDED ENTRY--PERSONAL NAME
Personal name Dudík, Ivan
Relationship trl
830 #0 - SERIES ADDED ENTRY--UNIFORM TITLE
Uniform title Luk
910 ## - USER-OPTION DATA (OCLC)
User-option data ABA001
942 ## - ADDED ENTRY ELEMENTS (KOHA)
Source of classification or shelving scheme Dewey Decimal Classification
Koha item type Krásna literatúra pre dospelých
Suppress in OPAC No
Holdings
Stav vyradenia Strata Poškodenie Spôsob nadobudnutia Domovská knižnica Aktuálna knižnica Dátum nadobudnutia Total checkouts Čiarový kód exemplára Date last seen Typ exemplára
      Dar Obecná knižnica Horná Štubňa Obecná knižnica Horná Štubňa 27.03.2026   4736201983 27.03.2026 Krásna literatúra pre dospelých
Projekt je podporený Slovenskou asociáciou knižníc
Prevádzkuje Turčianska knižnica Martin 2026